| 000 | 00520 a2200157 4500 | ||
|---|---|---|---|
| 020 | _a069110297X | ||
| 020 | _a9780691102979 | ||
| 082 | 0 | 4 | _a530 |
| 090 |
_c430 _d430 |
||
| 100 | 1 | _aJammer, Max. | |
| 245 | 1 | 0 |
_aEinstein and religion : _bphysics and theology / _cMax Jammer. |
| 260 |
_a[S.l.] : _bPrinceton University Press, _c1999. |
||
| 300 |
_a272 p. ; _c21 cm. |
||
| 942 |
_aSNS _cBK _k215 JAM |
||
| 999 |
_c29062 _d29062 |
||